000 00603nam a2200229Ia 4500
003 OSt
005 20220918175850.0
006 a|||||r|||| 00| 0
007 ta
008 220917b |||||||| |||| 00| 0 eng d
024 _a19,313
037 _cTextual
040 _aARTS
_cARTS
_beng
041 _2eng
_aeng
082 _aO111,1K08:g, K32
100 _aNelson James G.
_955050
245 0 _aSublime puritan
_b Milton and the Victorians
260 _c1963
650 _aENGLISH LITERATURE
942 _hO111,1K08:g, K32
_cTEXL
_2CC
999 _c159284
_d159284